000 00575cam a22001577a 4500
008 180718b1975 xxu||||| |||| 00| 0 eng d
020 _a0 11 670535 3
082 _aJ72x42 Un3
245 _aBracknell and its migrants : Twenty - one years of new town growth
_cby Department Of The Environment
260 _aLondon
_bHer Majesty's Stationery Office
_c1975
300 _av, 119p
500 _aBuilding research establishment report
650 _aCities and towns -- Growth
650 _aCities and towns -- England -- Bracknell
700 _aU.K. Department Of The Environment
999 _c416472
_d416472